Loading...
| Mythology | 0 | 3 | 0 | 0 | 30 | 56 | 74.67 | 0 | 1 |
| Religion | 0 | 2 | 0 | 2 | 20 | 68 | 91.00 | 0 | 1 |
| Literature - American Literature | 0 | 2 | 0 | 0 | 20 | 100 | 106.00 | 0 | 0 |
| Pop Culture | 0 | 1 | 0 | 0 | 10 | 73 | 73.00 | 0 | 0 |
| Social Science | 0 | 1 | 0 | 0 | 10 | 57 | 57.00 | 0 | 1 |
| History - European History | 0 | 1 | 0 | 0 | 10 | 64 | 64.00 | 0 | 0 |
| Literature - World Literature | 0 | 1 | 0 | 0 | 10 | 114 | 114.00 | 0 | 0 |
| Science - Other Science | 0 | 1 | 0 | 0 | 10 | 103 | 103.00 | 0 | 0 |
| Fine Arts - Other Fine Arts | 0 | 1 | 0 | 0 | 10 | 79 | 79.00 | 0 | 0 |
| Science - Biology | 0 | 1 | 1 | 0 | 5 | 43 | 43.00 | 0 | 1 |
| Science - Chemistry | 0 | 0 | 0 | 0 | 0 | 0.00 | 0 | 0 | |
| Painting/Sculpture | 0 | 0 | 0 | 0 | 0 | 0.00 | 0 | 0 |